00599nam a2200193Ia 4500008004100000020001800041082001400059100001900073245004700092250000800139260003600147300002900183500001900212600001500231650001500246942000700261952012000268999001700388240925s9999 xx 000 0 und d a9780070700857 a658.4 LAR aGray, Clifford 0aProject Management: the managerial process a4th aNew York:bMc Graw HIllc,2011. axxi,706p.bN.AfOriginal aIncludes Index aManagement aManagement cBK 011040708MANaUITUbUITUd2012-03-07eFair Book Centerl0o658.4 LARpQ9102r2024-09-25 07:15:12w2024-09-25yBK c11601d11601